Resource and environmental management in Canada : addressing conflict and uncertainty

Αποθηκεύτηκε σε:
Λεπτομέρειες βιβλιογραφικής εγγραφής
Άλλοι συγγραφείς: Mitchell, Bruce 1944-
Μορφή: Βιβλίο
Γλώσσα:English
Δημοσίευση: Oxford : Oxford University Press, c1995
Έκδοση:2nd ed.
Θέματα:
Ετικέτες: Προσθήκη ετικέτας
Δεν υπάρχουν, Καταχωρήστε ετικέτα πρώτοι!

MARC

LEADER 00000nam a2200000 i 4500
001 1/5128
008 000602s1995 eng d
020 |a 0-19-541059-9 
035 |l 10061475 
040 |a GR-MY-UA  |b gre  |e aacr 
041 0 |a eng 
082 0 |a 333.70971 
245 1 0 |a Resource and environmental management in Canada :  |b addressing conflict and uncertainty /  |c edited by Bruce Mitchell 
250 |a 2nd ed. 
260 |a Oxford :   |b Oxford University Press,   |c c1995 
300 |a x, 445 σ.;  |b εικ., χάρτες;  |c 23 εκ. 
504 |a Περιέχει βιβλιογραφικές παραπομπές και ευρετήριο 
650 0 0 |a Natural resources  |z Canada  |x Management. 
650 0 0 |a Conservation of natural resources  |z Canada. 
650 0 0 |a Environmental protection  |z Canada. 
700 1 |a Mitchell, Bruce  |d 1944- 
852 |a INST  |b LESVOS  |e 20000602  |h 333.70971 RES  |p 005100024136  |q 005100024136  |t BK  |y 0 
901 |a BIBL1-2000-2 
909 |a Λ  |b 080070 
922 |a 1ΕΛΗ  |b 200005  |c ΚΠΣ/ΤΓ  |d LEADER 
950 |a 118-1999-09-20 
970 |a ΜΟΥΣΤΑΚΑ  |b ΠΗΝΕΛΟΠΗ  |z 2000/06/06